| 000 | 00731cas a2200217 a 4500 | ||
|---|---|---|---|
| 003 | DLC | ||
| 005 | 20250625081921.0 | ||
| 008 | 991125c1956 uy|ar p r 000 0 spa d | ||
| 035 | _aUPN01000059368 | ||
| 040 |
_aMX-MxUPN _bspa _cMX-MxUPN _e aacr2 |
||
| 049 | _aAcervo histórico | ||
| 245 | 1 | 0 | _aAnales del Instituto de Profesores "Artigas" |
| 260 |
_aUruguay : _bInstituto de Profesores “Artigas”, _c1956- |
||
| 310 | _aAnual | ||
| 520 | 3 | _aEs una publicación cuyo objetivo es efectuar la publicidad de estudios e investigaciones relacionadas con la enseñanza media. | |
| 650 | 7 |
_aEducación media superior _92253 |
|
| 902 | _aGloria Jiménez/190625 | ||
| 904 |
_aAC _b000100 |
||
| 905 | _aRevista | ||
| 942 | _cISSBD-R | ||
| 999 |
_c59360 _d59360 |
||